00000000nam 2200000za 4500
0019.846791
003CaOODSP
00520221107153304
007cr |||||||||||
008171108s1954    onck    os   f000 0 eng d
040 |aCaOODSP|beng
041 |aeng|afre
043 |an-cn---
0861 |aCS82-512/1954-PDF
24500|aSummary of notifiable diseases, 1924-1952 |h[electronic resource] / |cDominion Bureau of Statistics, Health and Welfare Division, Public Health Section = Sommaire de maladies à déclaration obligatoire, 1924-1952 / Bureau fédéral de la statistique, Division de la santé et du bien-être, Section de la santé publique.
24631|aSommaire de maladies à déclaration obligatoire, 1924-1952
260 |aOttawa : |bEdmond Cloutier, Queen's Printer = Edmond Cloutier, Imprimeur de la Reine, |c1954.
300 |a92 p. : |bforms
4901 |aReference paper ; |vno. 45 = |aDocument de référence ; |vn° 45
500 |aChiefly tables.
500 |a2 copies of report in this digitized edition.
500 |aDigitized edition from print [produced by Statistics Canada].
520 |a“With the year 1952 the Bureau began publishing annual reports on notifiable diseases in Canada. In order to supplement the data given in the annual reports and in view of the many requests received for this type of information, the present publication has been prepared. This report is a summary of cases of and deaths from notifiable diseases from 1924 to 1952. Included also are case rates for these same diseases. Most of the data on reported cases have not been available previously in published form, although the number of deaths for these years has been shown in the annual reports on Vital Statistics"--Forward, p. [3].
530 |aIssued also in print format.
546 |aText in English and French.
69207|2gccst|aDiseases
69207|2gccst|aStatistics
7101 |aCanada.|bDominion Bureau of Statistics.|bPublic Health Section.
792 |tSummary of notifiable diseases, 1924-1952 |efre|w(CaOODSP)9.846794
830#0|aReference paper (Canada. Dominion Bureau of Statistics)|vno. 45|w(CaOODSP)9.820711
85640|qPDF|s6.76 MB|uhttps://publications.gc.ca/collections/collection_2017/statcan/CS82-512-1954.pdf
986 |a82-512